00477nam a2200157 a 450000500170000000800410001702000180005805000280007624500610010426000400016530000100020544000400021550000210025565000180027665000250029420140412111312.0000830s19uu xx 00 eng d a0-8094-7180-9 aREF 030bC54Wh 1996 v.1 aA Child's first library of learning :bwheels and wings. aHong Kong :bTime Life Asia,c1996. a87 p. aA Child's First Library of Learning aGrowing-Up Album aEncyclopedias aQuestion and answers